000 00752nam a22002297a 4500
001 3636
003 FISKH
005 20240401160628.0
008 240401b cb ||||| |||| 00| 0 eng d
040 _aFISK
_beng
_cFISK
_dFISK
082 _a558
100 _aHinchliffe Jo
_d1940-
245 _aRollerama /
_cJo Hinchliffe
260 _aSouth Melbourne :
_bWesley Longman Australia Pty Limited,
_c1996
300 _a62 pages :
_billustrations,
_c21 cm
505 _aQ
520 _aCassidy seriously doubts her father when he claims to be a skater of Great Excellence, but he has a chance to prove himself at the big concert at Rollerama.
521 8 _a890
_bLexile
700 _aJo Hinchliffe
942 _2ddc
_cBK
_n0
999 _c3636
_d3636